| Tag |
First Indicator |
Second Indicator |
Subfields |
| LEADER |
00000cam a2200000 i 4500 |
| 001 |
in00004426310 |
| 005 |
20210422122554.0 |
| 006 |
m o d |
| 007 |
cr cnu---unuuu |
| 008 |
200801s2021 nyu ob 001 0 eng |
| 010 |
|
|
|a 2020028798
|
| 020 |
|
|
|a 9780231550635
|q electronic book
|
| 020 |
|
|
|a 0231550634
|q electronic book
|
| 020 |
|
|
|z 9780231194068
|q hardcover
|
| 020 |
|
|
|z 9780231194075
|q trade paperback
|
| 024 |
8 |
|
|a 40030332124
|
| 035 |
|
|
|a (DLC)ybp16812820
|
| 037 |
|
|
|a 22573/ctv1drr43k
|b JSTOR
|
| 040 |
|
|
|a NhCcYBP
|c NhCcYBP
|d UtOrBLW
|
| 042 |
|
|
|a pcc
|
| 043 |
|
|
|a n-us-md
|a n-us-ny
|
| 050 |
|
4 |
|a HT168.B35
|b P37 2021
|
| 072 |
|
7 |
|a SOC
|x 026030
|2 bisacsh
|
| 072 |
|
7 |
|a POL
|x 026000
|2 bisacsh
|
| 072 |
|
7 |
|a LAW
|x 047000
|2 bisacsh
|
| 072 |
|
7 |
|a ARC
|x 014000
|2 bisacsh
|
| 072 |
|
7 |
|a ARC
|x 010000
|2 bisacsh
|
| 082 |
0 |
0 |
|a 307.1/2160974723
|2 23
|
| 100 |
1 |
|
|a Passell, Aaron,
|e author.
|0 http://id.loc.gov/authorities/names/n2012026401
|
| 245 |
1 |
0 |
|a Preserving neighborhoods :
|b how urban policy and community strategy shape Baltimore and Brooklyn /
|c Aaron Passell.
|
| 264 |
|
1 |
|a New York :
|b Columbia University Press,
|c [2021]
|
| 300 |
|
|
|a 1 online resource.
|
| 336 |
|
|
|a text
|b txt
|2 rdacontent
|
| 337 |
|
|
|a computer
|b c
|2 rdamedia
|
| 338 |
|
|
|a online resource
|b cr
|2 rdacarrier
|
| 504 |
|
|
|a Includes bibliographical references and index.
|
| 505 |
0 |
|
|a Explaining change in Baltimore's historic neighborhoods -- Mitigating gentrification through preservation in Central Brooklyn -- Vacancy, abandonment, demolition by neglect, and project core in Baltimore -- Struggling to preserve in the context of aggressive development pressure.
|
| 588 |
|
|
|a Description based on online resource; title from digital title page (viewed on January 28, 2021).
|
| 500 |
|
|
|a Electronic resource.
|
| 650 |
|
0 |
|a City planning
|z Maryland
|z Baltimore.
|
| 650 |
|
0 |
|a City planning
|z New York (State)
|z New York.
|0 http://id.loc.gov/authorities/subjects/sh2008100010
|
| 650 |
|
0 |
|a Historic preservation
|x Social aspects
|z Maryland
|z Baltimore.
|
| 650 |
|
0 |
|a Historic preservation
|x Social aspects
|z New York (State)
|z New York.
|
| 650 |
|
0 |
|a Historic districts
|z Maryland
|z Baltimore.
|
| 650 |
|
0 |
|a Historic districts
|z New York (State)
|z New York.
|
| 650 |
|
0 |
|a Urban renewal
|z Maryland
|z Baltimore.
|
| 650 |
|
0 |
|a Urban renewal
|z New York (State)
|z New York.
|
| 651 |
|
0 |
|a Baltimore (Md.)
|x Social conditions.
|
| 651 |
|
0 |
|a Brooklyn (New York, N.Y.)
|x Social conditions.
|
| 655 |
|
7 |
|a Electronic books.
|2 local
|
| 710 |
2 |
|
|a JSTOR (Organization)
|0 http://id.loc.gov/authorities/names/no97001983
|
| 776 |
1 |
8 |
|i Print version:
|a Passell, Aaron.
|t Preserving neighborhoods
|d New York : Columbia University Press, [2021]
|z 9780231194068
|w (DLC) 2020028797
|
| 856 |
4 |
0 |
|u http://proxy.library.tamu.edu/login?url=https://www.jstor.org/stable/10.7312/pass19406
|z Connect to the full text of this electronic book
|t 0
|
| 945 |
|
|
|b 765572
|
| 955 |
|
|
|a YBP purchased approval e-records
|
| 980 |
|
|
|b 33.74
|g 1
|
| 999 |
f |
f |
|s 4fdd1ace-cb60-332b-834a-e8ef199bb3cb
|i b0273df4-cee4-3875-828b-55487c8b5df9
|t 0
|
| 952 |
f |
f |
|a Texas A&M University
|b College Station
|c Electronic Resources
|d Available Online
|t 0
|e HT168.B35 P37 2021
|h Library of Congress classification
|
| 998 |
f |
f |
|a HT168.B35 P37 2021
|t 0
|l Available Online
|